• 首页
  • 本馆介绍
  • 公告通知
  • 最新文献
  • 馆藏检索
  • 电子资源
  • 读者导购
  • 参考咨询
  • 我的图书馆
  • 登录
  • 详细信息显示
  • 放入我的书架
  • 预约/预借图书
  • 作者相关作品
  • 分类相关作品
  • 丛书相关作品
  • 出版社相关作品

书目信息

  • 表格格式
  • 工作单格式
  • 卡片格式
题名:
百战奇略
    
 
作者: 刘基 著
分册:  
出版信息: 长春   长春市古籍书店  1982
页数: 134页
开本: 19cm
丛书名:
单 册:
中图分类: E892.48
科图分类:
主题词: 军事战略--中国--古代 , 兵法--古代 , 作战方法--古代
电子资源:
ISBN:
000 00620nam0 2200241 45
001 0182008151
005 20060804084035.85
010    @dCNY0.55
100    @a19950607d1982 em y0chiy0121 ea
101 0  @achi
102    @aCN@b220000
105    @ay z 000yy
200 10 @a百战奇略@Abai zhan qi lue@f刘基著
210    @a长春@c长春市古籍书店@d1982
215    @a134页@d19cm
606    @a军事战略@y中国@z古代
606 0  @a兵法@x古代
606 0  @a作战方法@x古代
690    @aE892.48
701  0 @a刘基@Aliu ji@4著
801  2 @aCN@bNLC@c20060804
801  0 @aCN@b上海图书馆@c20060802
905    @f1@b215433@dE892.48@e23
    
    百战奇略/刘基著.-长春:长春市古籍书店,1982
    134页;19cm
    
    
    ISBN :CNY0.55
    
●
相关链接 在E读中查询图书 在五车中查询图书 在当当中查询图书 在豆瓣中查询图书


正题名:百战奇略     索取号:E892.48/23         预约/预借

序号 登录号 条形码 馆藏地/架位号 状态 备注
1 0215433   001263992   第一借阅区/ [索取号:E892.48/23] 在馆    
2 0215435   001264009   第一样本阅览室/ [索取号:E892.48/23] 在馆    
3 0439868   204398687   密集书库/ [索取号:E892.48/23] 在馆    
4 0439869   204398696   密集书库/ [索取号:E892.48/23] 在馆    
5 0441957   204419575   密集书库/ [索取号:E892.48/23] 在馆    
6 0446770   204467709   密集书库/ [索取号:E892.48/23] 在馆    
7 0446771   204467718   密集书库/ [索取号:E892.48/23] 在馆    
唐山师范学院图书馆 欢迎您!
大连网信软件有限公司© 版权所有